000 nam a22 7a 4500
999 _c7595
_d7595
008 170921b xxu||||| |||| 00| 0 eng d
100 _94101
_aBaig.T.
245 _aSoups and Salads
260 _aNew Delhi
_bBribass
_c2004